| 000 | 01286aam a2200325 i 4500 | ||
|---|---|---|---|
| 001 | 768714001 | ||
| 003 | CO-MdFUSB | ||
| 005 | 20231123093524.0 | ||
| 007 | ta | ||
| 008 | 231018t19961996cr a||ag |||| 00| 0 spa d | ||
| 020 | _a9977992754 | ||
| 040 |
_aCO-MdFUSB _bspa _cCO-MdFUSB _dCO-MdFUSBC _erda |
||
| 041 | _aspa | ||
| 082 |
_223 _a261.561 _bC114 |
||
| 100 |
_aCabezas Badilla, Franklin, _eautor |
||
| 245 | 1 | 4 |
_aUna reseña histórica nuestra clínica _b : sanidad y santidad al estilo del Hospital Clínica Biblica _c/ Franklin Cabezas Badilla , W. Dayton Roberts y otros |
| 250 | _a1° Edición | ||
| 264 | 1 |
_aSan José, Costa Rica : _b[Publicador no identificado], _c[1996] |
|
| 264 | 4 | _c©1996 | |
| 300 |
_a123 páginas _c; 21 cm |
||
| 336 |
_2rdacontent _atexto _btxt |
||
| 337 |
_2rdamedia _asin mediación _bn |
||
| 338 |
_2rdacarrier _avolumen _bnc |
||
| 505 | _aLa Costa Rica de antes -- Un sueño realizado -- Una dedicación impresionante -- Dos caras de la moneda -- Ángeles de blanco -- Misionera extraordinaria -- ¿Es obsoleto el misionero medico? -- Un giro radical -- Años de crecimiento -- Mirada hacia el futuro. | ||
| 563 | _aRústico. | ||
| 653 | _aTeología social | ||
| 700 |
_96273 _aRoberts, W. Dayton, _eautor |
||
| 942 | _cBK | ||
| 945 | _asor1564 | ||
| 999 |
_c69176 _d69176 |
||